Statistics for 15 Biggest Cities in Syria

Click here to take the quiz!

General Stats

  • This quiz has been taken 843 times
    (793 since last reset)
  • The average score is 6 of 15

Answer Stats

PopulationCity% Correct
1 710 00Damascus
99%
2 300 000Aleppo
94%
775 000Homs
77%
340 000Latakia
60%
460 000Hama
54%
175 000Ar Raqqah
48%
130 000Idlib
41%
90 000Tartus
40%
95 000Daraa
35%
240 000Deir ez Zor
28%
110 000Douma
11%
130 000Al Bab
7%
85 000Al-Thawrah
2%
95 000As-Salamiyah
2%
95 000As-Safirah
1%

Score Distribution

Percentile by Number Answered

Percent of People with Each Score

Your Score History

You have not taken this quiz since the last reset